000 01262nam0a2200361 4500
001 RU\NLR\bibl\1281793
005 20250615141332.0
010 _a978-5-17-049053-0
_bАСТ
010 _a978-5-22-12367-6
_bФеникс
_93500
021 _aRU
_b2008-63925
_93635
035 _a(nilc)IZD\AST\2007\806815
035 _a(NLR Aleph) 001267558
090 _a418381
_c418381
100 _a20080530d2008 |||y0rusy50 ca
101 0 _arus
102 _aRU
105 _aa z |||||
200 1 _a100 лучших приемов самозащиты
_fБ. Бэкман, П. Липцер
210 _aМосква
_cАСТ
_aРостов-на-Дону
_cФеникс
_d2008
215 _a221, [1] с.
_cил.
_d22
532 0 1 _aСто лучших приемов самозащиты
_zrus
606 1 _aСамооборона
_91367318
_3RU\NLR\auth\66572567
686 _a05751
_aСамооборона
_2TCC-BG
686 _aЦ4,5(0)361.12
700 1 _aБэкман
_bБ.
_gБим
_4070
701 1 _aЛипцер
_bП.
_gПавел
_4070
801 0 _aRU
_bЛИБНЕТ
_c20080530
801 1 _aRU
_bЦУНБ Москва
_c20080704
_2rusmarc
801 2 _aRU
_bNLR
_c20081007
_grcr
830 _aCODE_OF_LIBNET\000008949
942 _cBOOK
980 _aNB